| 000 | 00462nam a22001937a 4500 | ||
|---|---|---|---|
| 003 | LK-CoDNM | ||
| 005 | 20250102112226.0 | ||
| 008 | 250102b |||||||| |||| 00| 0 eng d | ||
| 040 |
_aLK-CoDNM _dLK-CoDNM _eLK-CoDNM |
||
| 041 | _aeng | ||
| 080 |
_a3 _bO19.1 |
||
| 100 | _aBugnion, E. | ||
| 245 | _aLa termites de Ceylan | ||
| 260 |
_aGeneve _bLibrairie Kundig _c1913 |
||
| 300 | _b36p. : ill ; 24 cm | ||
| 650 | _aScience | ||
| 650 | _a1913 | ||
| 942 | _cBK | ||
| 999 |
_c234565 _d234565 |
||